000 00592nam a2200229Ia 4500
003 OSt
005 20220924152057.0
006 a|||||r|||| 00| 0
007 ta
008 220923b |||||||| |||| 00| 0 mar d
024 _a340747
037 _cTextual
040 _aARTS
_cARTS
_bmar
041 _2mar
_amar
082 _aO155,3M90,3, H3
100 _aAltekar Madhav Damodar
_9225780
245 0 _aAntrang
260 _c1943
650 _aMARATHI LITERATURE
_938000
942 _hO155,3M90,3, H3
_cTEXL
_2CC
999 _c468666
_d468666